UBT Library

Music first! / (Record no. 45058)

000 -LEADER
fixed length control field 00731cam a2200265 a 4500
001 - CONTROL NUMBER
control field 13056982
005 - DATE AND TIME OF LATEST TRANSACTION
control field 20180314102909.0
008 - FIXED-LENGTH DATA ELEMENTS--GENERAL INFORMATION
fixed length control field 030113s2003 mauam 001 0 eng d
010 ## - LIBRARY OF CONGRESS CONTROL NUMBER
LC control number 2003555561
020 ## - INTERNATIONAL STANDARD BOOK NUMBER
International Standard Book Number 0072823283 (set)
020 ## - INTERNATIONAL STANDARD BOOK NUMBER
International Standard Book Number 0072287683 (book)
020 ## - INTERNATIONAL STANDARD BOOK NUMBER
International Standard Book Number 0072443898 (piano chart)
035 ## - SYSTEM CONTROL NUMBER
System control number (OCoLC)ocm51390103
040 ## - CATALOGING SOURCE
Original cataloging agency ISU
Transcribing agency ISU
Modifying agency DLC
041 ## - LANGUAGE CODE
Language code of text/sound track or separate title eng
042 ## - AUTHENTICATION CODE
Authentication code lccopycat
080 ## - UNIVERSAL DECIMAL CLASSIFICATION NUMBER
Universal Decimal Classification number 781 gar
082 00 - DEWEY DECIMAL CLASSIFICATION NUMBER
Classification number 781 gar
Edition number 21
100 1# - Rafti
Rafti 45
101 ## - Shkurtesa
Shkurtesa muz
245 10 - TITLE STATEMENT
Title Music first! /
Statement of responsibility, etc Gary White.
906 ## - LOCAL DATA ELEMENT F, LDF (RLIN)
a 7
b cbc
c copycat
d 2
e ncip
f 20
g y-genmusic
942 ## - ADDED ENTRY ELEMENTS (KOHA)
Source of classification or shelving scheme
Item type Books
Holdings
Withdrawn status Lost status Source of classification or shelving scheme Damaged status Not for loan Collection code Permanent location Current location Shelving location Date acquired Total Checkouts Full call number Barcode Date last seen Price effective from Koha item type
          Koleksioni i përgjithshem UBT - Lipjan UBT - Lipjan Koleksioni i përgjithshem 03/14/2018   781 gar 002-3001991 03/14/2018 03/14/2018 Books
UBT Library © 2015-2024. All rights reserved University Education for Business and Technology